|
|
|
แสดงรายละเอียดบรรณานุกรม |
|
|
Brief Record
: Get Marc (ISO 2709)
: E-mail record
: |
|
|
| LEADER 00000nam 2200000uu 4500 | |||
| 001 49864 | |||
| 003 ULIBM | |||
| 008 170124s||||||||th 000 0 tha d | |||
| 020 ^a 974-08-0715-1 | |||
| 082 0 ^a อ 598 ส-น | |||
| 100 0 ^a สุภกานต์ อินอากร | |||
| 245 00 ^a นกป่าหายาก | |||
| 250 ^a พิมพ์ครั้งที่ 2 | |||
| 260 ^a กรุงเทพฯ : ^b ไทยวัฒนพานิช จำกัด, 2536 | |||
| 650 0 ^a นกป่า | |||
| 999 ^aลภัสรดา แสงบุญเรือง | |||
| คุณยังไม่ได้ล็อกอิน คุณสามารถมีกิจกรรมร่วมกับเว็บไซต์ได้ แต่ต้องล็อกอินก่อน :: |
|
| สถานะ | |||||||||
| 1. | หนังสือ สถานะ=ใช้ในห้องสมุดเท่านั้น | อ 598 ส-น c.1 Barcode: 057216 | ►หนังสืออ้างอิง | On Shelf | |||||
| [แสดง 1/1 รายการ] | |||||||||

| รายการใกล้เคียง ผู้แต่ง [สุภกานต์ อินอากร]
|
BibComment |
| คอมเมนท์ทรัพยากรรายการนี้ |
|
|
ห้องสมุดโรงเรียนสามัคคีวิทยาคม
159 ถ.บรรพปราการ ต.เวียง อ.เมือง จ.เชียงราย 57000
โทร. 053-711018 โทรสาร 053-713003